[Event "Warsaw Najdorf Memorial op-A 11th"]
[Site "Warsaw"]
[Date "2013.08.08"]
[Round "4"]
[White "Eggink, Ryszard"]
[Black "Hasanov, Sahib"]
[Result "1/2-1/2"]
[WhiteElo "2162"]
[BlackElo "2030"]
[PlyCount "125"]
[EventDate "2013.08.05"]
[EventType "swiss"]
[EventRounds "9"]
[EventCountry "POL"]
[SourceTitle "CBM 155 Extra"]
[Source "ChessBase"]
[SourceDate "2013.08.26"]
[SourceVersion "1"]
[SourceVersionDate "2013.08.26"]
[SourceQuality "1"]

1. e4 c5 2. Nf3 Nc6 3. d4 cxd4 4. Nxd4 a6 5. c4 d6 6. Nc3 e6 7. Be3 Nxd4 8. Qxd4 Ne7 9. Be2 Nc6 10. Qd2 Be7 11. 0-0 Bd7 12. Bf4 Ne5 13. c5 Qc7 14. Qd4 f6 15. cxd6 Qxd6 16. Qe3 g5 17. Bg3 Qc5 18. Bh5+ Kf8 19. Qe2 Kg7 20. Rac1 Rac8 21. h4 gxh4 22. Bxh4 Ng6 23. Bg3 Qg5 24. Rcd1 Rhd8 25. Bg4 f5 26. exf5 exf5 27. Bh3 Bc6 28. Be5+ Bf6 29. f4 Qg3 30. Bxf5 Bxe5 31. fxe5 Rxd1 32. Rxd1 Re8 33. Bxg6 hxg6 34. Qf2 Qxf2+ 35. Kxf2 Rxe5 36. Rd2 Rg5 37. Kf1 Kf6 38. Rc2 Ke5 39. Nd1 Kf4 40. Rc4+ Kg3 41. Rc3+ Kh4 42. Ne3 Re5 43. Kf2 Kg5 44. Kg3 Re4 45. Rc5+ Kf6 46. Ng4+ Ke6 47. Rc2 a5 48. Kh4 Bd5 49. a3 Bb3 50. Rf2 Bd1 51. Rf6+ Kd5 52. Rxg6 b5 53. Kg3 Re2 54. Kf4 Bb3 55. Rg5+ Kc6 56. Rg6+ Kc7 57. Rg7+ Kd8 58. Rb7 Rxg2 59. Rxb5 a4 60. Ne5 Rxb2 61. Rb4 Ra2 62. Nc4 Kc7 63. Ke4 1/2-1/2

[Event "Rewal op-B 17th"]
[Site "Rewal"]
[Date "2012.08.??"]
[Round "8"]
[White "Hasanov, Sahib"]
[Black "Misztal, Piotr"]
[Result "1-0"]
[WhiteElo "2068"]
[BlackElo "1778"]
[PlyCount "75"]
[EventDate "2012.08.20"]
[EventType "swiss"]
[EventRounds "9"]
[EventCountry "POL"]
[SourceTitle "EXT 2014"]
[Source "ChessBase"]
[SourceDate "2013.11.20"]
[SourceVersion "1"]
[SourceVersionDate "2013.11.20"]
[SourceQuality "1"]

1. c4 Nf6 2. Nf3 g6 3. b3 Bg7 4. Bb2 0-0 5. g3 d6 6. d4 Nbd7 7. Bg2 Re8 8. 0-0 c6 9. Nbd2 e5 10. Ng5 exd4 11. Bxd4 Nc5 12. b4 Ne6 13. Nxe6 Bxe6 14. e4 d5 15. exd5 cxd5 16. c5 Qd7 17. Re1 Bh3 18. Nf3 Bxg2 19. Kxg2 Ne4 20. Bxg7 Kxg7 21. Qd4+ Kg8 22. Rad1 Rad8 23. a3 Qa4 24. Re2 a6 25. Rd3 Qd7 26. Rde3 Re6 27. Ne5 Qe7 28. Nd3 Ng5 29. h4 Re4 30. hxg5 Rxd4 31. Rxe7 Rxd3 32. Rxb7 Rxa3 33. Ree7 d4 34. Rxf7 d3 35. Rg7+ Kf8 36. Rbf7+ Ke8 37. Rxh7 d2 38. Rb7 1-0

[Event "Rewal op-B 17th"]
[Site "Rewal"]
[Date "2012.08.??"]
[Round "1"]
[White "Kopica, Paulina"]
[Black "Hasanov, Sahib"]
[Result "1/2-1/2"]
[WhiteElo "1744"]
[BlackElo "2068"]
[PlyCount "91"]
[EventDate "2012.08.20"]
[EventType "swiss"]
[EventRounds "9"]
[EventCountry "POL"]
[SourceTitle "EXT 2014"]
[Source "ChessBase"]
[SourceDate "2013.11.20"]
[SourceVersion "1"]
[SourceVersionDate "2013.11.20"]
[SourceQuality "1"]

1. e4 d5 2. exd5 Qxd5 3. Nc3 Qd8 4. d4 Bf5 5. Bc4 e6 6. Nf3 Nf6 7. Bf4 c6 8. 0-0 Bd6 9. Bxd6 Qxd6 10. Re1 Nbd7 11. Qe2 b5 12. Bd3 Bxd3 13. Qxd3 0-0 14. Rad1 h6 15. Qe2 Qb4 16. Rb1 Nb6 17. a3 Qd6 18. Ne5 a6 19. Rbd1 Rad8 20. Ne4 Nxe4 21. Qxe4 Nd5 22. Rd3 f5 23. Qh4 Rf6 24. Rg3 f4 25. Rh3 Ne7 26. c3 Ng6 27. Nxg6 Rxg6 28. Rf3 Rf6 29. b3 Rdf8 30. Re5 Rf5 31. Rxf5 Rxf5 32. Qg4 Qf8 33. Qg6 Qf7 34. Qxf7+ Kxf7 35. Kf1 g5 36. Rd3 Ke7 37. Ke2 Kd6 38. Rd2 h5 39. f3 Kd5 40. Kd3 e5 41. Re2 exd4 42. cxd4 c5 43. dxc5 Kxc5 44. b4+ Kd5 45. Re8 Re5 46. Rxe5+ 1/2-1/2